Seznamování dětí s přírodou

Bibliographic Details
Main Authors: Baziková, V. (Author), Zalkind, E. J. (Author)
Format: Article
Language:Czech

MARC

LEADER 00000nab a2200000uu 4500
001 vtls011141718
003 SK-MaSNL
005 20260303182122.0
008 230121| xo |||||||||||||||||cze|
015 |a SNBRB 
035 |a (urnnbn)urn:nbn:sk:snk:ar-008cqr 
035 |a (uuid)a265af4b-bb1c-4fb7-8c8e-4d564e98511b 
035 |a urn:nbn:sk:snk-abatd3 
040 |a SNKBUCL  |b slo  |c SNKBUCL  |e AACR2 
041 0 |a cze 
044 |a xo  |c SK 
100 1 |a Baziková, V.  |4 aut  |9 1123323 
245 1 0 |a Seznamování dětí s přírodou  |c V. Baziková, E. J. Zalkind 
700 1 |a Zalkind, E. J.  |4 aut  |9 1209443 
773 0 |t Předškolní výchova  |g Roč. 3, č. 9-10 (1948-1949), s. 138-141 
954 |a odborná, vedecká literatúra cudzojazyčná (svetová)  |2 lita 
958 |a OND 
958 |a EUIPO 
958 |a article14 
999 |c 2115752  |d 2117682